000 00327 a2200109 4500
001 ART_10875
005 20260410161732.0
008 260409a
245 1 0 _aEl Plan Económico del 4 de abril de 1986
100 1 _aDi Tella, Guido
773 0 _tEjecutivos de finanzas
_g- Año 3, Nº 27 (may. 1986)
_wREV2863
999 _c17920
_d17920